| 000 | 00601cam a22002295a 4500 | ||
|---|---|---|---|
| 001 | L157726 | ||
| 008 | 130411s2012 xxk f 000 0 eng d | ||
| 020 | _a9780951458891 | ||
| 035 | _a(Sirsi) u157726 | ||
| 041 | 0 | _aeng | |
| 050 | 0 | 4 | _a631.1 $2 18 |
| 100 | 1 | _aNix, John | |
| 245 | 0 | 0 | _aFarm Management Pocketbook |
| 250 | _a43rd ed. | ||
| 260 |
_aLeicestershire _bThe Pocketbook _c2012 |
||
| 300 | _aviii, 292p, 22cm | ||
| 520 | _aCovers all aspects of farm management. Superceded by 44th edition | ||
| 590 | _aKA | ||
| 651 | 4 | _aENGLAND AND WALES | |
| 690 |
_aRural _96268 |
||
| 942 | _n0 | ||
| 999 |
_c114936 _d114936 |
||